| 000 | 00617nam a2200205Ia 4500 | ||
|---|---|---|---|
| 003 | IEPS | ||
| 005 | 20250703135240.0 | ||
| 008 | 250223s9999||||xx |||||||||||||| ||und|| | ||
| 040 | _CIEPS | ||
| 041 | _aara | ||
| 082 | _a612.7 | ||
| 100 | _aأحمد السعيد يونس | ||
| 245 | 0 | _aالجهاز الحركي | |
| 260 |
_aالقاهرة _bدار الفكر العربي _c[د.ت.] |
||
| 300 |
_a19 ص. _bغلاف ملون ومصور _c24 سم. |
||
| 490 | _aالمعرفة الطبية للبراعم | ||
| 653 | _aالجهاز الحركي | ||
| 700 | _aرواية محمد الخضري | ||
| 942 | _cكتاب | ||
| 999 |
_c11138 _d11138 |
||